<?xml version="1.0" encoding="UTF-8"?>
<marc:record xmlns:marc="http://www.loc.gov/MARC21/slim" type="Bibliographic">
   <marc:leader>00000nam a2200000 c 4500</marc:leader>
   <marc:controlfield tag="001">973242906</marc:controlfield>
   <marc:controlfield tag="003">DE-101</marc:controlfield>
   <marc:controlfield tag="005">20171203173223.0</marc:controlfield>
   <marc:controlfield tag="007">tu</marc:controlfield>
   <marc:controlfield tag="008">041221s2004    sz ||||| |||| 00||||ger  </marc:controlfield>
   <marc:datafield ind1=" " ind2=" " tag="015">
      <marc:subfield code="a">05,A06,0690</marc:subfield>
      <marc:subfield code="2">dnb</marc:subfield>
   </marc:datafield>
   <marc:datafield ind1="7" ind2=" " tag="016">
      <marc:subfield code="2">DE-101</marc:subfield>
      <marc:subfield code="a">973242906</marc:subfield>
   </marc:datafield>
   <marc:datafield ind1=" " ind2=" " tag="020">
      <marc:subfield code="a">9783908262442</marc:subfield>
      <marc:subfield code="c">kart.</marc:subfield>
      <marc:subfield code="9">978-3-908262-44-2</marc:subfield>
   </marc:datafield>
   <marc:datafield ind1=" " ind2=" " tag="020">
      <marc:subfield code="a">3908262445</marc:subfield>
      <marc:subfield code="c">kart.</marc:subfield>
      <marc:subfield code="9">3-908262-44-5</marc:subfield>
   </marc:datafield>
   <marc:datafield ind1=" " ind2=" " tag="035">
      <marc:subfield code="a">(DE-599)DNB973242906</marc:subfield>
   </marc:datafield>
   <marc:datafield ind1=" " ind2=" " tag="035">
      <marc:subfield code="a">(OCoLC)76627838</marc:subfield>
   </marc:datafield>
   <marc:datafield ind1=" " ind2=" " tag="040">
      <marc:subfield code="a">1131</marc:subfield>
      <marc:subfield code="b">ger</marc:subfield>
      <marc:subfield code="c">DE-101</marc:subfield>
      <marc:subfield code="d">9999</marc:subfield>
   </marc:datafield>
   <marc:datafield ind1=" " ind2=" " tag="041">
      <marc:subfield code="a">ger</marc:subfield>
   </marc:datafield>
   <marc:datafield ind1=" " ind2=" " tag="044">
      <marc:subfield code="c">XA-CH</marc:subfield>
   </marc:datafield>
   <marc:datafield ind1="7" ind2="4" tag="082">
      <marc:subfield code="a">370</marc:subfield>
      <marc:subfield code="a">400</marc:subfield>
      <marc:subfield code="q">DE-101</marc:subfield>
      <marc:subfield code="2">22sdnb</marc:subfield>
   </marc:datafield>
   <marc:datafield ind1=" " ind2=" " tag="090">
      <marc:subfield code="a">b</marc:subfield>
   </marc:datafield>
   <marc:datafield ind1="1" ind2=" " tag="100">
      <marc:subfield code="0">(DE-588)129655333</marc:subfield>
      <marc:subfield code="0">http://d-nb.info/gnd/129655333</marc:subfield>
      <marc:subfield code="0">(DE-101)129655333</marc:subfield>
      <marc:subfield code="a">Ruben, Judith</marc:subfield>
      <marc:subfield code="e">Verfasser</marc:subfield>
      <marc:subfield code="4">aut</marc:subfield>
   </marc:datafield>
   <marc:datafield ind1="0" ind2="0" tag="245">
      <marc:subfield code="a">Sei relevant!</marc:subfield>
      <marc:subfield code="b">unterstützte Kommunikation und Linguistik ; die Bedeutung der linguistischen Theorien von Grice und Sperber &amp; Wilson als Erklärungsansatz für Probleme der unterstützten Kommunikation</marc:subfield>
      <marc:subfield code="c">Judith Ruben</marc:subfield>
   </marc:datafield>
   <marc:datafield ind1=" " ind2="1" tag="264">
      <marc:subfield code="a">Luzern</marc:subfield>
      <marc:subfield code="b">Ed. SZH/CSPS</marc:subfield>
      <marc:subfield code="c">2004</marc:subfield>
   </marc:datafield>
   <marc:datafield ind1=" " ind2=" " tag="300">
      <marc:subfield code="a">141 S.</marc:subfield>
      <marc:subfield code="b">graph. Darst.</marc:subfield>
      <marc:subfield code="c">23 cm</marc:subfield>
   </marc:datafield>
   <marc:datafield ind1=" " ind2=" " tag="336">
      <marc:subfield code="a">Text</marc:subfield>
      <marc:subfield code="b">txt</marc:subfield>
      <marc:subfield code="2">rdacontent</marc:subfield>
   </marc:datafield>
   <marc:datafield ind1=" " ind2=" " tag="337">
      <marc:subfield code="a">ohne Hilfsmittel zu benutzen</marc:subfield>
      <marc:subfield code="b">n</marc:subfield>
      <marc:subfield code="2">rdamedia</marc:subfield>
   </marc:datafield>
   <marc:datafield ind1=" " ind2=" " tag="338">
      <marc:subfield code="a">Band</marc:subfield>
      <marc:subfield code="b">nc</marc:subfield>
      <marc:subfield code="2">rdacarrier</marc:subfield>
   </marc:datafield>
   <marc:datafield ind1="1" ind2=" " tag="490">
      <marc:subfield code="a">ISP-Universität Zürich</marc:subfield>
      <marc:subfield code="v">Bd. 9</marc:subfield>
   </marc:datafield>
   <marc:datafield ind1=" " ind2=" " tag="500">
      <marc:subfield code="a">Literaturverz. S. 131 - 135</marc:subfield>
   </marc:datafield>
   <marc:datafield ind1="1" ind2="7" tag="600">
      <marc:subfield code="0">(DE-588)118542117</marc:subfield>
      <marc:subfield code="0">http://d-nb.info/gnd/118542117</marc:subfield>
      <marc:subfield code="0">(DE-101)118542117</marc:subfield>
      <marc:subfield code="a">Grice, Herbert Paul</marc:subfield>
      <marc:subfield code="d">1913-1988</marc:subfield>
      <marc:subfield code="2">gnd</marc:subfield>
   </marc:datafield>
   <marc:datafield ind1="1" ind2="7" tag="600">
      <marc:subfield code="0">(DE-588)129669598</marc:subfield>
      <marc:subfield code="0">http://d-nb.info/gnd/129669598</marc:subfield>
      <marc:subfield code="0">(DE-101)129669598</marc:subfield>
      <marc:subfield code="a">Sperber, Dan</marc:subfield>
      <marc:subfield code="d">1942-</marc:subfield>
      <marc:subfield code="2">gnd</marc:subfield>
   </marc:datafield>
   <marc:datafield ind1="1" ind2="7" tag="600">
      <marc:subfield code="0">(DE-588)129669741</marc:subfield>
      <marc:subfield code="0">http://d-nb.info/gnd/129669741</marc:subfield>
      <marc:subfield code="0">(DE-101)129669741</marc:subfield>
      <marc:subfield code="a">Wilson, Deirdre</marc:subfield>
      <marc:subfield code="d">1941-</marc:subfield>
      <marc:subfield code="2">gnd</marc:subfield>
   </marc:datafield>
   <marc:datafield ind1=" " ind2="7" tag="650">
      <marc:subfield code="0">(DE-588)4076315-8</marc:subfield>
      <marc:subfield code="0">http://d-nb.info/gnd/4076315-8</marc:subfield>
      <marc:subfield code="0">(DE-101)040763153</marc:subfield>
      <marc:subfield code="a">Pragmatik</marc:subfield>
      <marc:subfield code="2">gnd</marc:subfield>
   </marc:datafield>
   <marc:datafield ind1=" " ind2="7" tag="650">
      <marc:subfield code="0">(DE-588)4288978-9</marc:subfield>
      <marc:subfield code="0">http://d-nb.info/gnd/4288978-9</marc:subfield>
      <marc:subfield code="0">(DE-101)042889782</marc:subfield>
      <marc:subfield code="a">Kommunikationshilfe</marc:subfield>
      <marc:subfield code="2">gnd</marc:subfield>
   </marc:datafield>
   <marc:datafield ind1=" " ind2="7" tag="650">
      <marc:subfield code="0">(DE-588)4077513-6</marc:subfield>
      <marc:subfield code="0">http://d-nb.info/gnd/4077513-6</marc:subfield>
      <marc:subfield code="0">(DE-101)040775135</marc:subfield>
      <marc:subfield code="a">Sonderpädagogik</marc:subfield>
      <marc:subfield code="2">gnd</marc:subfield>
   </marc:datafield>
   <marc:datafield ind1=" " ind2="7" tag="650">
      <marc:subfield code="0">(DE-588)4076315-8</marc:subfield>
      <marc:subfield code="0">http://d-nb.info/gnd/4076315-8</marc:subfield>
      <marc:subfield code="0">(DE-101)040763153</marc:subfield>
      <marc:subfield code="a">Pragmatik</marc:subfield>
      <marc:subfield code="2">gnd</marc:subfield>
   </marc:datafield>
   <marc:datafield ind1=" " ind2="7" tag="650">
      <marc:subfield code="0">(DE-588)4288978-9</marc:subfield>
      <marc:subfield code="0">http://d-nb.info/gnd/4288978-9</marc:subfield>
      <marc:subfield code="0">(DE-101)042889782</marc:subfield>
      <marc:subfield code="a">Kommunikationshilfe</marc:subfield>
      <marc:subfield code="2">gnd</marc:subfield>
   </marc:datafield>
   <marc:datafield ind1=" " ind2="7" tag="650">
      <marc:subfield code="0">(DE-588)4077513-6</marc:subfield>
      <marc:subfield code="0">http://d-nb.info/gnd/4077513-6</marc:subfield>
      <marc:subfield code="0">(DE-101)040775135</marc:subfield>
      <marc:subfield code="a">Sonderpädagogik</marc:subfield>
      <marc:subfield code="2">gnd</marc:subfield>
   </marc:datafield>
   <marc:datafield ind1=" " ind2="7" tag="650">
      <marc:subfield code="0">(DE-588)4076315-8</marc:subfield>
      <marc:subfield code="0">http://d-nb.info/gnd/4076315-8</marc:subfield>
      <marc:subfield code="0">(DE-101)040763153</marc:subfield>
      <marc:subfield code="a">Pragmatik</marc:subfield>
      <marc:subfield code="2">gnd</marc:subfield>
   </marc:datafield>
   <marc:datafield ind1=" " ind2="7" tag="650">
      <marc:subfield code="0">(DE-588)4288978-9</marc:subfield>
      <marc:subfield code="0">http://d-nb.info/gnd/4288978-9</marc:subfield>
      <marc:subfield code="0">(DE-101)042889782</marc:subfield>
      <marc:subfield code="a">Kommunikationshilfe</marc:subfield>
      <marc:subfield code="2">gnd</marc:subfield>
   </marc:datafield>
   <marc:datafield ind1=" " ind2="7" tag="650">
      <marc:subfield code="0">(DE-588)4077513-6</marc:subfield>
      <marc:subfield code="0">http://d-nb.info/gnd/4077513-6</marc:subfield>
      <marc:subfield code="0">(DE-101)040775135</marc:subfield>
      <marc:subfield code="a">Sonderpädagogik</marc:subfield>
      <marc:subfield code="2">gnd</marc:subfield>
   </marc:datafield>
   <marc:datafield ind1=" " ind2="7" tag="650">
      <marc:subfield code="0">(DE-588)4074250-7</marc:subfield>
      <marc:subfield code="0">http://d-nb.info/gnd/4074250-7</marc:subfield>
      <marc:subfield code="0">(DE-101)040742504</marc:subfield>
      <marc:subfield code="a">Linguistik</marc:subfield>
      <marc:subfield code="2">gnd</marc:subfield>
   </marc:datafield>
   <marc:datafield ind1=" " ind2="7" tag="650">
      <marc:subfield code="0">(DE-588)4288978-9</marc:subfield>
      <marc:subfield code="0">http://d-nb.info/gnd/4288978-9</marc:subfield>
      <marc:subfield code="0">(DE-101)042889782</marc:subfield>
      <marc:subfield code="a">Kommunikationshilfe</marc:subfield>
      <marc:subfield code="2">gnd</marc:subfield>
   </marc:datafield>
   <marc:datafield ind1=" " ind2="7" tag="650">
      <marc:subfield code="0">(DE-588)4077513-6</marc:subfield>
      <marc:subfield code="0">http://d-nb.info/gnd/4077513-6</marc:subfield>
      <marc:subfield code="0">(DE-101)040775135</marc:subfield>
      <marc:subfield code="a">Sonderpädagogik</marc:subfield>
      <marc:subfield code="2">gnd</marc:subfield>
   </marc:datafield>
   <marc:datafield ind1="0" ind2="0" tag="689">
      <marc:subfield code="0">(DE-588)118542117</marc:subfield>
      <marc:subfield code="0">http://d-nb.info/gnd/118542117</marc:subfield>
      <marc:subfield code="0">(DE-101)118542117</marc:subfield>
      <marc:subfield code="D">p</marc:subfield>
      <marc:subfield code="a">Grice, Herbert Paul</marc:subfield>
      <marc:subfield code="d">1913-1988</marc:subfield>
   </marc:datafield>
   <marc:datafield ind1="0" ind2="1" tag="689">
      <marc:subfield code="0">(DE-588)4076315-8</marc:subfield>
      <marc:subfield code="0">http://d-nb.info/gnd/4076315-8</marc:subfield>
      <marc:subfield code="0">(DE-101)040763153</marc:subfield>
      <marc:subfield code="D">s</marc:subfield>
      <marc:subfield code="a">Pragmatik</marc:subfield>
   </marc:datafield>
   <marc:datafield ind1="0" ind2="2" tag="689">
      <marc:subfield code="0">(DE-588)4288978-9</marc:subfield>
      <marc:subfield code="0">http://d-nb.info/gnd/4288978-9</marc:subfield>
      <marc:subfield code="0">(DE-101)042889782</marc:subfield>
      <marc:subfield code="D">s</marc:subfield>
      <marc:subfield code="a">Kommunikationshilfe</marc:subfield>
   </marc:datafield>
   <marc:datafield ind1="0" ind2="3" tag="689">
      <marc:subfield code="0">(DE-588)4077513-6</marc:subfield>
      <marc:subfield code="0">http://d-nb.info/gnd/4077513-6</marc:subfield>
      <marc:subfield code="0">(DE-101)040775135</marc:subfield>
      <marc:subfield code="D">s</marc:subfield>
      <marc:subfield code="a">Sonderpädagogik</marc:subfield>
   </marc:datafield>
   <marc:datafield ind1="0" ind2=" " tag="689">
      <marc:subfield code="5">DE-101</marc:subfield>
      <marc:subfield code="5">DE-101</marc:subfield>
   </marc:datafield>
   <marc:datafield ind1="1" ind2="0" tag="689">
      <marc:subfield code="0">(DE-588)129669598</marc:subfield>
      <marc:subfield code="0">http://d-nb.info/gnd/129669598</marc:subfield>
      <marc:subfield code="0">(DE-101)129669598</marc:subfield>
      <marc:subfield code="D">p</marc:subfield>
      <marc:subfield code="a">Sperber, Dan</marc:subfield>
      <marc:subfield code="d">1942-</marc:subfield>
   </marc:datafield>
   <marc:datafield ind1="1" ind2="1" tag="689">
      <marc:subfield code="0">(DE-588)4076315-8</marc:subfield>
      <marc:subfield code="0">http://d-nb.info/gnd/4076315-8</marc:subfield>
      <marc:subfield code="0">(DE-101)040763153</marc:subfield>
      <marc:subfield code="D">s</marc:subfield>
      <marc:subfield code="a">Pragmatik</marc:subfield>
   </marc:datafield>
   <marc:datafield ind1="1" ind2="2" tag="689">
      <marc:subfield code="0">(DE-588)4288978-9</marc:subfield>
      <marc:subfield code="0">http://d-nb.info/gnd/4288978-9</marc:subfield>
      <marc:subfield code="0">(DE-101)042889782</marc:subfield>
      <marc:subfield code="D">s</marc:subfield>
      <marc:subfield code="a">Kommunikationshilfe</marc:subfield>
   </marc:datafield>
   <marc:datafield ind1="1" ind2="3" tag="689">
      <marc:subfield code="0">(DE-588)4077513-6</marc:subfield>
      <marc:subfield code="0">http://d-nb.info/gnd/4077513-6</marc:subfield>
      <marc:subfield code="0">(DE-101)040775135</marc:subfield>
      <marc:subfield code="D">s</marc:subfield>
      <marc:subfield code="a">Sonderpädagogik</marc:subfield>
   </marc:datafield>
   <marc:datafield ind1="1" ind2=" " tag="689">
      <marc:subfield code="5">DE-101</marc:subfield>
      <marc:subfield code="5">DE-101</marc:subfield>
   </marc:datafield>
   <marc:datafield ind1="2" ind2="0" tag="689">
      <marc:subfield code="0">(DE-588)129669741</marc:subfield>
      <marc:subfield code="0">http://d-nb.info/gnd/129669741</marc:subfield>
      <marc:subfield code="0">(DE-101)129669741</marc:subfield>
      <marc:subfield code="D">p</marc:subfield>
      <marc:subfield code="a">Wilson, Deirdre</marc:subfield>
      <marc:subfield code="d">1941-</marc:subfield>
   </marc:datafield>
   <marc:datafield ind1="2" ind2="1" tag="689">
      <marc:subfield code="0">(DE-588)4076315-8</marc:subfield>
      <marc:subfield code="0">http://d-nb.info/gnd/4076315-8</marc:subfield>
      <marc:subfield code="0">(DE-101)040763153</marc:subfield>
      <marc:subfield code="D">s</marc:subfield>
      <marc:subfield code="a">Pragmatik</marc:subfield>
   </marc:datafield>
   <marc:datafield ind1="2" ind2="2" tag="689">
      <marc:subfield code="0">(DE-588)4288978-9</marc:subfield>
      <marc:subfield code="0">http://d-nb.info/gnd/4288978-9</marc:subfield>
      <marc:subfield code="0">(DE-101)042889782</marc:subfield>
      <marc:subfield code="D">s</marc:subfield>
      <marc:subfield code="a">Kommunikationshilfe</marc:subfield>
   </marc:datafield>
   <marc:datafield ind1="2" ind2="3" tag="689">
      <marc:subfield code="0">(DE-588)4077513-6</marc:subfield>
      <marc:subfield code="0">http://d-nb.info/gnd/4077513-6</marc:subfield>
      <marc:subfield code="0">(DE-101)040775135</marc:subfield>
      <marc:subfield code="D">s</marc:subfield>
      <marc:subfield code="a">Sonderpädagogik</marc:subfield>
   </marc:datafield>
   <marc:datafield ind1="2" ind2=" " tag="689">
      <marc:subfield code="5">DE-101</marc:subfield>
      <marc:subfield code="5">DE-101</marc:subfield>
   </marc:datafield>
   <marc:datafield ind1="3" ind2="0" tag="689">
      <marc:subfield code="0">(DE-588)4074250-7</marc:subfield>
      <marc:subfield code="0">http://d-nb.info/gnd/4074250-7</marc:subfield>
      <marc:subfield code="0">(DE-101)040742504</marc:subfield>
      <marc:subfield code="D">s</marc:subfield>
      <marc:subfield code="a">Linguistik</marc:subfield>
   </marc:datafield>
   <marc:datafield ind1="3" ind2="1" tag="689">
      <marc:subfield code="0">(DE-588)4288978-9</marc:subfield>
      <marc:subfield code="0">http://d-nb.info/gnd/4288978-9</marc:subfield>
      <marc:subfield code="0">(DE-101)042889782</marc:subfield>
      <marc:subfield code="D">s</marc:subfield>
      <marc:subfield code="a">Kommunikationshilfe</marc:subfield>
   </marc:datafield>
   <marc:datafield ind1="3" ind2="2" tag="689">
      <marc:subfield code="0">(DE-588)4077513-6</marc:subfield>
      <marc:subfield code="0">http://d-nb.info/gnd/4077513-6</marc:subfield>
      <marc:subfield code="0">(DE-101)040775135</marc:subfield>
      <marc:subfield code="D">s</marc:subfield>
      <marc:subfield code="a">Sonderpädagogik</marc:subfield>
   </marc:datafield>
   <marc:datafield ind1="3" ind2=" " tag="689">
      <marc:subfield code="5">DE-101</marc:subfield>
      <marc:subfield code="5">DE-101</marc:subfield>
   </marc:datafield>
   <marc:datafield ind1=" " ind2="0" tag="830">
      <marc:subfield code="a">ISP-Universität Zürich</marc:subfield>
      <marc:subfield code="v">Bd. 9</marc:subfield>
      <marc:subfield code="w">(DE-101)025489364</marc:subfield>
      <marc:subfield code="w">(DE-600)2131747-1</marc:subfield>
      <marc:subfield code="9">19</marc:subfield>
      <marc:subfield code="7">as</marc:subfield>
   </marc:datafield>
   <marc:datafield ind1=" " ind2=" " tag="850">
      <marc:subfield code="a">DE-101a</marc:subfield>
   </marc:datafield>
   <marc:datafield ind1="r" ind2=" " tag="925">
      <marc:subfield code="a">ra</marc:subfield>
   </marc:datafield>
</marc:record>
